000 00753cab a2200217 4500
001 WB2923-19
008 090401t1993 xxu||||| |||| 00| 0 eng d
035 _a(Sirsi) u54248
041 _aeng
245 _aInterest in property investment
260 _c1993
350 _a0
490 _aFinancial Times
_v14 June 1993, 17(1)
520 _aInstitutional investors are showing more interest in property investment than at any time in the last three years according to a Smith New Court/Gallup Survey of Fund Managers.
650 _aINSTITUTIONAL INVESTMENT
650 _aINSTITUTIONS
650 _aPROPERTY INVESTMENT
690 _aPROPERTY-COMMERCIAL PROPERTY-COMMERCIAL PROPERTY FINANCE AND INVESTMENT
942 _n0
948 _c04/03/1997
999 _c33252
_d33252